[Event "Tradewise Gibraltar AmatWk1"]
[Site "Gibraltar"]
[Date "2016.01.28"]
[Round "4.9"]
[White "Ledezma Panades, Hernan Javier"]
[Black "Flanagan, Samuel"]
[Result "1-0"]
[WhiteElo "1846"]
[BlackElo "1783"]
[PlyCount "92"]
[EventDate "2016.01.25"]
[EventType "swiss"]
[EventRounds "5"]
[EventCountry "GGB"]
[SourceTitle "BritBase"]
[Source "www.saund.co.uk"]
[SourceDate "2018.02.10"]
[SourceVersion "1"]
[SourceVersionDate "2018.02.10"]
[SourceQuality "1"]

1. d4 d5 2. c4 c6 3. cxd5 cxd5 4. Nc3 Nf6 5. Bf4 Nc6 6. e3 a6 7. Bd3 Qb6 8. a3
Bg4 9. f3 Bh5 10. Nge2 e6 11. O-O Be7 12. Na4 Qd8 13. b4 O-O 14. Bg3 Bd6 15.
Bxd6 Qxd6 16. Nc5 Qe7 17. Rc1 Bg6 18. f4 Bxd3 19. Qxd3 Na7 20. Rf3 Nb5 21. Rh3
Nd6 22. g4 Nfe4 23. Ng3 f5 24. Ngxe4 dxe4 25. Qe2 Rac8 26. Rd1 fxg4 27. Qxg4
Rf6 28. Qe2 Qf7 29. Rg3 Rg6 30. Rxg6 Qxg6+ 31. Kh1 Qf5 32. Qa2 Qd5 33. Qg2 Rf8
34. Nd7 Rf7 35. Ne5 Rc7 36. Ng4 Kh8 37. Qh3 Qf5 38. Qh4 Qf8 39. Ne5 Kg8 40. Rg1
Nf5 41. Qh3 Rc3 42. Ng4 Nxd4 43. Qh5 Nf5 44. Nh6+ Nxh6 45. Qxh6 Qe7 46. Qh3
Rxa3 1-0

[Event "Tradewise Gibraltar AmatWk1"]
[Site "Gibraltar"]
[Date "2016.01.28"]
[Round "4.10"]
[White "White, Gary"]
[Black "Bajer, Renato"]
[Result "1/2-1/2"]
[WhiteElo "1690"]
[BlackElo "1890"]
[PlyCount "87"]
[EventDate "2016.01.25"]
[EventType "swiss"]
[EventRounds "5"]
[EventCountry "GGB"]
[SourceTitle "BritBase"]
[Source "www.saund.co.uk"]
[SourceDate "2018.02.10"]
[SourceVersion "1"]
[SourceVersionDate "2018.02.10"]
[SourceQuality "1"]

1. f4 d5 2. Nf3 c6 3. e3 Nf6 4. Be2 Bg4 5. O-O Bxf3 6. Bxf3 Nbd7 7. d3 e5 8. e4
dxe4 9. dxe4 Qb6+ 10. Kh1 O-O-O 11. Qe1 Bd6 12. f5 h6 13. a4 g5 14. Nd2 g4 15.
Nc4 Qc7 16. Be2 Nc5 17. Be3 Ncxe4 18. Bxa7 Bc5 19. Bxc5 Nxc5 20. Qb4 Na6 21.
Nb6+ Kb8 22. Bxa6 Ka7 23. Bxb7 Qxb6 24. Qe7 Nd5 25. Qxf7 Qxb7 26. Qe6 Rde8 27.
Qd6 Ne3 28. Rfb1 Nxf5 29. Qd2 g3 30. b4 gxh2 31. Qf2+ Nd4 32. c3 Rhf8 33. Qe3
c5 34. bxc5 Qc6 35. cxd4 exd4 36. Qxd4 Rg8 37. Ra2 Re4 38. Qf2 Re7 39. Rab2
Reg7 40. Qe1 Qxc5 41. Qf2 Qxf2 42. Rxf2 Rg4 43. a5 R8g5 44. Kxh2 1/2-1/2

[Event "Tradewise Gibraltar AmatWk1"]
[Site "Gibraltar"]
[Date "2016.01.28"]
[Round "4.11"]
[White "Stuhlmann, Alexander"]
[Black "Gunn, Michael J"]
[Result "1-0"]
[WhiteElo "1888"]
[BlackElo "1632"]
[PlyCount "85"]
[EventDate "2016.01.25"]
[EventType "swiss"]
[EventRounds "5"]
[EventCountry "GGB"]
[SourceTitle "BritBase"]
[Source "www.saund.co.uk"]
[SourceDate "2018.02.10"]
[SourceVersion "1"]
[SourceVersionDate "2018.02.10"]
[SourceQuality "1"]

1. e4 e6 2. d4 b6 3. Nf3 Bb7 4. Bd3 c5 5. Qe2 cxd4 6. Nxd4 Nc6 7. c3 Nf6 8. Bg5
Be7 9. Nd2 Ne5 10. Bc2 a6 11. f4 Nc6 12. e5 Nxd4 13. cxd4 Nd5 14. Bxe7 Qxe7 15.
O-O g6 16. Ne4 Bc6 17. Nd6+ Kf8 18. Be4 h5 19. Qf3 Kg7 20. f5 f6 21. fxg6 Rhf8
22. Bxd5 Bxd5 23. Qxd5 exd5 24. Nf5+ Kxg6 25. Nxe7+ Kg5 26. Rxf6 Rxf6 27. exf6
Kxf6 28. Nxd5+ Ke6 29. Nxb6 Rb8 30. Na4 Rb4 31. Nc5+ Kd5 32. Nxa6 Rxd4 33. b4
Kc6 34. a4 d5 35. Rc1+ Kb7 36. b5 Kb6 37. Nc5 Rd2 38. h3 d4 39. g4 hxg4 40.
hxg4 d3 41. g5 Rc2 42. Rxc2 dxc2 43. Nb3 1-0

[Event "Tradewise Gibraltar AmatWk1"]
[Site "Gibraltar"]
[Date "2016.01.28"]
[Round "4.12"]
[White "Sevillano Garcia, Joaquin"]
[Black "Oliva Parra, Ernesto"]
[Result "1-0"]
[WhiteElo "1867"]
[BlackElo "1602"]
[PlyCount "81"]
[EventDate "2016.01.25"]
[EventType "swiss"]
[EventRounds "5"]
[EventCountry "GGB"]
[SourceTitle "BritBase"]
[Source "www.saund.co.uk"]
[SourceDate "2018.02.10"]
[SourceVersion "1"]
[SourceVersionDate "2018.02.10"]
[SourceQuality "1"]

1. c4 e5 2. Nc3 Bc5 3. g3 Nf6 4. Bg2 Nc6 5. e3 a6 6. Nge2 Ne7 7. d4 exd4 8.
exd4 Ba7 9. O-O c6 10. Bg5 Ng6 11. Ne4 h6 12. Bxf6 gxf6 13. Nd6+ Kf8 14. Nc3
Bb8 15. Nce4 Qe7 16. Nxc8 Qe6 17. Nb6 Ra7 18. c5 d5 19. cxd6 Bxd6 20. Nxd6 Qxd6
21. Nc8 Qb8 22. Nxa7 Qxa7 23. d5 cxd5 24. Qxd5 b5 25. Qa8+ Qxa8 26. Bxa8 Ne5
27. f4 Ng6 28. Bb7 a5 29. Rac1 Kg7 30. Rc8 Nf8 31. Rd1 h5 32. Rdd8 f5 33. Rxf8
Rxf8 34. Rxf8 Kxf8 35. b4 axb4 36. Bc6 b3 37. axb3 b4 38. Kf2 Ke7 39. Ke3 Kd6
40. Bf3 h4 41. gxh4 1-0

[Event "Tradewise Gibraltar AmatWk1"]
[Site "Gibraltar"]
[Date "2016.01.28"]
[Round "4.15"]
[White "Turp, Hueseyin"]
[Black "Boabaid, Jorge Alberto Duard"]
[Result "0-1"]
[WhiteElo "1688"]
[BlackElo "1895"]
[PlyCount "102"]
[EventDate "2016.01.25"]
[EventType "swiss"]
[EventRounds "5"]
[EventCountry "GGB"]
[SourceTitle "BritBase"]
[Source "www.saund.co.uk"]
[SourceDate "2018.02.10"]
[SourceVersion "1"]
[SourceVersionDate "2018.02.10"]
[SourceQuality "1"]

1. d4 Nf6 2. Bf4 e6 3. Nf3 d5 4. e3 c5 5. c3 Nc6 6. Nbd2 Be7 7. Bd3 Nh5 8. Bg3
Nxg3 9. hxg3 g6 10. Nh4 O-O 11. Qe2 e5 12. dxe5 Nxe5 13. Bc2 Bf6 14. O-O-O Qb6
15. Rh2 Bg7 16. Rdh1 Ng4 17. Rh3 d4 18. Ne4 Be6 19. Ng5 dxc3 20. b3 Rad8 21.
Nhf3 h6 22. Nxe6 Qxe6 23. Rh4 Rd6 24. Ne1 Nf6 25. Nd3 Ne4 26. Nf4 Qe8 27. Nxg6
Rd2 28. Rxe4 Rxe2 29. Rxe8 Rxe8 30. Nf4 Rxf2 31. e4 Rd8 32. Nd5 Rxg2 33. Rd1
Bd4 34. Kb1 Rxg3 35. Ne7+ Kf8 36. Nf5 Rg1 37. Rxg1 Bxg1 38. Nxh6 Kg7 39. Nf5+
Kf6 40. Ng3 Rh8 41. Ne2 Bd4 42. Bd3 Rh1+ 43. Kc2 Rh2 44. Bc4 Ke5 45. Bd3 b5 46.
Bxb5 Kxe4 47. Kd1 Ke3 48. Ng3 Rxa2 49. Nf5+ Kf4 50. Nd6 c2+ 51. Kc1 Be3# 0-1

[Event "Tradewise Gibraltar AmatWk1"]
[Site "Gibraltar"]
[Date "2016.01.28"]
[Round "4.16"]
[White "Hunt, Caro"]
[Black "D'haluin, Wim"]
[Result "1/2-1/2"]
[WhiteElo "1634"]
[BlackElo "1846"]
[PlyCount "80"]
[EventDate "2016.01.25"]
[EventType "swiss"]
[EventRounds "5"]
[EventCountry "GGB"]
[SourceTitle "BritBase"]
[Source "www.saund.co.uk"]
[SourceDate "2018.02.10"]
[SourceVersion "1"]
[SourceVersionDate "2018.02.10"]
[SourceQuality "1"]

1. e4 g6 2. d4 Bg7 3. Nf3 d6 4. h3 c6 5. Bc4 Nf6 6. Nc3 b5 7. Bd3 O-O 8. O-O
Bb7 9. Re1 Nfd7 10. Ne2 a6 11. c3 e5 12. Bg5 Qc7 13. Rc1 Re8 14. Be3 d5 15.
dxe5 dxe4 16. Bxe4 Nxe5 17. Nxe5 Bxe5 18. Bf3 Nd7 19. Qc2 Bg7 20. Bd4 Ne5 21.
Bxe5 Rxe5 22. Ng3 Rae8 23. Rxe5 Qxe5 24. Qe4 Qb8 25. Qc2 c5 26. Bxb7 Qxb7 27.
f3 c4 28. Ne4 f5 29. Nf2 Bf6 30. Kf1 Qe7 31. Rd1 Bg5 32. g3 Qe3 33. f4 Bd8 34.
Qd2 Qxg3 35. Qd5+ Kf8 36. Qd6+ Be7 37. Qe5 Qh4 38. Rd7 Bf6 39. Qd5 Be7 40. Qe5
Bf6 1/2-1/2

[Event "Tradewise Gibraltar AmatWk1"]
[Site "Gibraltar"]
[Date "2016.01.28"]
[Round "4.18"]
[White "Tveten, Per"]
[Black "Guegan, Michel"]
[Result "0-1"]
[WhiteElo "1535"]
[BlackElo "1786"]
[PlyCount "130"]
[EventDate "2016.01.25"]
[EventType "swiss"]
[EventRounds "5"]
[EventCountry "GGB"]
[SourceTitle "BritBase"]
[Source "www.saund.co.uk"]
[SourceDate "2018.02.10"]
[SourceVersion "1"]
[SourceVersionDate "2018.02.10"]
[SourceQuality "1"]

1. e4 c5 2. c4 Nc6 3. Nf3 Nf6 4. Nc3 d6 5. h3 g6 6. d3 Bg7 7. g3 Bd7 8. Bg2 Qc8
9. Be3 O-O 10. Qd2 Ne8 11. Bh6 Nc7 12. Bxg7 Kxg7 13. Nd5 Ne6 14. h4 h5 15. O-O
Re8 16. Rae1 Ned4 17. Nxd4 Nxd4 18. f4 e6 19. Ne3 Bc6 20. Bh3 Qd8 21. Nc2 Qf6
22. e5 dxe5 23. Nxd4 exd4 24. Re5 b6 25. Rfe1 Qd8 26. Bg2 Qc7 27. f5 exf5 28.
Bxc6 Qxc6 29. Qf4 Rxe5 30. Qxe5+ Qf6 31. Qd5 Rd8 32. Qb7 Qd6 33. Kg2 Rd7 34.
Qf3 Re7 35. Rxe7 Qxe7 36. b3 Qe1 37. a3 Qe5 38. b4 Qe3 39. Qd1 f4 40. gxf4 Qxf4
41. Qe1 Kf6 42. bxc5 bxc5 43. Qa5 Qg4+ 44. Kf1 Qf3+ 45. Ke1 Qe3+ 46. Kf1 Qxd3+
47. Kg2 Qc2+ 48. Kg1 Qxc4 49. Qd8+ Kg7 50. Qg5 Qe6 51. Kf1 Qf5+ 52. Qxf5 gxf5
53. Ke2 c4 54. a4 a5 55. Kf3 Kg6 56. Ke2 f4 57. Kf3 Kf5 58. Ke2 Ke4 59. Kf2 c3
60. Ke2 d3+ 61. Kd1 f3 62. Ke1 Kf4 63. Kf1 Kg3 64. Ke1 Kg2 65. Kd1 f2 0-1

[Event "Tradewise Gibraltar AmatWk1"]
[Site "Gibraltar"]
[Date "2016.01.28"]
[Round "4.19"]
[White "Mrabti, Yahya"]
[Black "Kearsley, Raymond J"]
[Result "0-1"]
[WhiteElo "1780"]
[BlackElo "1709"]
[PlyCount "70"]
[EventDate "2016.01.25"]
[EventType "swiss"]
[EventRounds "5"]
[EventCountry "GGB"]
[SourceTitle "BritBase"]
[Source "www.saund.co.uk"]
[SourceDate "2018.02.10"]
[SourceVersion "1"]
[SourceVersionDate "2018.02.10"]
[SourceQuality "1"]

1. e4 c5 2. Nf3 g6 3. g3 Bg7 4. Bg2 Nc6 5. O-O d6 6. c3 Nf6 7. Re1 O-O 8. h3
Bd7 9. d4 cxd4 10. cxd4 Rc8 11. e5 dxe5 12. dxe5 Ne8 13. Nc3 e6 14. Bg5 f6 15.
exf6 Bxf6 16. Bh6 Ng7 17. Ne4 Qc7 18. Nxf6+ Rxf6 19. Nd4 Rf7 20. Bxg7 Kxg7 21.
Nxe6+ Bxe6 22. Rxe6 Rcf8 23. Re2 Qb6 24. Qd2 Nd4 25. Qc3 Kg8 26. Rd2 Nf3+ 27.
Bxf3 Rxf3 28. Qc4+ Kg7 29. Rd7+ Kh8 30. Rf1 Rxg3+ 31. Kh2 Rgf3 32. Kg1 Rxf2 33.
Qc3+ R2f6+ 34. Kh1 Qc6+ 35. Rf3 Qxf3+ 0-1

[Event "Tradewise Gibraltar AmatWk1"]
[Site "Gibraltar"]
[Date "2016.01.28"]
[Round "4.21"]
[White "Kirkwood, Robin"]
[Black "Ocana, Jeremy"]
[Result "1-0"]
[WhiteElo "1653"]
[BlackElo "1706"]
[PlyCount "119"]
[EventDate "2016.01.25"]
[EventType "swiss"]
[EventRounds "5"]
[EventCountry "GGB"]
[SourceTitle "BritBase"]
[Source "www.saund.co.uk"]
[SourceDate "2018.02.10"]
[SourceVersion "1"]
[SourceVersionDate "2018.02.10"]
[SourceQuality "1"]

1. g3 e5 2. Bg2 c6 3. c4 g6 4. e4 Bg7 5. Nc3 Ne7 6. Nge2 O-O 7. O-O d6 8. d4
Bg4 9. h3 exd4 10. hxg4 dxc3 11. Nxc3 Qc7 12. Bf4 Be5 13. Qf3 Nd7 14. Rad1 Rad8
15. Rd2 Qa5 16. Rfd1 Qc7 17. Rxd6 Bxd6 18. Bxd6 Ne5 19. Bxc7 Nxf3+ 20. Bxf3
Rxd1+ 21. Bxd1 Nc8 22. f4 Nb6 23. b3 Nd7 24. e5 Re8 25. g5 h6 26. gxh6 Kh7 27.
Bg4 Nc5 28. Bd6 Ne6 29. Ne4 Kxh6 30. Kf2 Nd4 31. Ke3 Nf5+ 32. Bxf5 gxf5 33. Nf6
Rh8 34. Kf2 Kg6 35. Kg2 b5 36. cxb5 cxb5 37. Nd5 a5 38. Ne7+ Kh5 39. Nxf5 Rc8
40. Ne3 Kg6 41. g4 Rc6 42. Kf3 f6 43. Nd5 Rc1 44. Nxf6 Ra1 45. a3 Rb1 46. b4
Rb3+ 47. Ke4 a4 48. Kd4 Rxa3 49. Ne4 Rh3 50. f5+ Kg7 51. e6 a3 52. Nc3 Rh4 53.
Be5+ Kf8 54. Nxb5 Rxg4+ 55. Kd5 a2 56. f6 Rg5 57. e7+ Kf7 58. Nd6+ Kg6 59.
e8=Q+ Kh7 60. f7 1-0

[Event "Tradewise Gibraltar AmatWk1"]
[Site "Gibraltar"]
[Date "2016.01.28"]
[Round "4.22"]
[White "Ristoja, Aulikki"]
[Black "Bullock, Lee"]
[Result "0-1"]
[WhiteElo "1644"]
[BlackElo "1549"]
[PlyCount "96"]
[EventDate "2016.01.25"]
[EventType "swiss"]
[EventRounds "5"]
[EventCountry "GGB"]
[SourceTitle "BritBase"]
[Source "www.saund.co.uk"]
[SourceDate "2018.02.10"]
[SourceVersion "1"]
[SourceVersionDate "2018.02.10"]
[SourceQuality "1"]

1. d4 Nf6 2. c4 e6 3. Nf3 c5 4. e3 d5 5. Nc3 Be7 6. Bd3 dxc4 7. Bxc4 O-O 8. O-O
b6 9. Qe2 Bb7 10. Rd1 Qc7 11. b3 a6 12. Bb2 b5 13. Bd3 Nbd7 14. Rac1 Rac8 15.
Nd2 Bd6 16. f4 Qb8 17. Nce4 Be7 18. dxc5 Nxe4 19. Nxe4 Bxe4 20. Bxe4 Nxc5 21.
Bb1 f5 22. g4 Bf6 23. gxf5 Bxb2 24. Qxb2 exf5 25. Rd5 Ne4 26. Rcd1 Nc3 27. Rd7
Qb6 28. R1d3 Qg6+ 29. Kf2 Ne4+ 30. Kf1 Qg4 31. Qe2 Rc1+ 32. Rd1 Qxe2+ 33. Kxe2
Nc3+ 34. Ke1 Rxb1 35. Rxb1 Nxb1 36. Ra7 Rf6 37. Kd1 Nc3+ 38. Kc2 Nxa2 39. Kd3
Rh6 40. Kd4 Nb4 41. Kc5 Nc2 42. Re7 Rxh2 43. Re5 g6 44. Kb6 Nb4 45. Ka5 Nc6+
46. Kxa6 Nxe5 47. fxe5 Re2 48. Kxb5 Rxe3 0-1

[Event "Tradewise Gibraltar AmatWk1"]
[Site "Gibraltar"]
[Date "2016.01.29"]
[Round "5.1"]
[White "Wilson, Matthew R"]
[Black "Joachim, Rodny"]
[Result "0-1"]
[WhiteElo "1873"]
[BlackElo "1659"]
[PlyCount "44"]
[EventDate "2016.01.25"]
[EventType "swiss"]
[EventRounds "5"]
[EventCountry "GGB"]
[SourceTitle "BritBase"]
[Source "www.saund.co.uk"]
[SourceDate "2018.02.10"]
[SourceVersion "1"]
[SourceVersionDate "2018.02.10"]
[SourceQuality "1"]

1. e4 e5 2. Nf3 Nc6 3. Bc4 Nf6 4. d3 Bc5 5. c3 d6 6. Bb3 O-O 7. h3 d5 8. Qe2
dxe4 9. dxe4 a5 10. a4 Qe7 11. Nbd2 Nh5 12. g3 Be6 13. Bc2 f5 14. Nxe5 Nxe5 15.
Qxh5 fxe4 16. Nxe4 Bxf2+ 17. Nxf2 Nd3+ 18. Kd2 Rxf2+ 19. Kd1 Nxb2+ 20. Bxb2
Qd6+ 21. Kc1 Qd2+ 22. Kb1 Qxc2# 0-1

[Event "Tradewise Gibraltar AmatWk1"]
[Site "Gibraltar"]
[Date "2016.01.29"]
[Round "5.2"]
[White "Gaspar, Ioan-Dan"]
[Black "Odiase, Oluwaseun"]
[Result "1-0"]
[WhiteElo "1486"]
[BlackElo "1834"]
[PlyCount "96"]
[EventDate "2016.01.25"]
[EventType "swiss"]
[EventRounds "5"]
[EventCountry "GGB"]
[SourceTitle "BritBase"]
[Source "www.saund.co.uk"]
[SourceDate "2018.02.10"]
[SourceVersion "1"]
[SourceVersionDate "2018.02.10"]
[SourceQuality "1"]

1. e4 c5 2. Nf3 d6 3. d4 cxd4 4. Nxd4 Nf6 5. Nc3 a6 6. Be3 e5 7. Nb3 Be7 8. f3
Be6 9. Qd2 O-O 10. g4 d5 11. exd5 Nxd5 12. Nxd5 Qxd5 13. O-O-O Rd8 14. Be2
Qxd2+ 15. Rxd2 Nc6 16. Rhd1 Bxb3 17. axb3 Nd4 18. Bxd4 Bg5 19. Bc3 Rd7 20. Bd3
Bxd2+ 21. Rxd2 Re7 22. Be4 g6 23. Bb4 Ree8 24. Bxb7 Ra7 25. Bd5 a5 26. Bc5 Ra6
27. c4 Kg7 28. Kc2 f5 29. gxf5 gxf5 30. b4 axb4 31. Bxb4 e4 32. fxe4 fxe4 33.
Re2 Rh6 34. Bc3+ Kf8 35. Bxe4 Rh4 36. Kd3 Rh3+ 37. Kd4 Rd8+ 38. Bd5 Rh4+ 39.
Kd3 Rh3+ 40. Kc2 Rb8 41. b4 Rb6 42. b5 Rbh6 43. Be5 Rg6 44. c5 Ke7 45. Bc6 Rg4
46. Bd6+ Kf6 47. b6 Rc4+ 48. Kd2 Rb3 1-0

[Event "Tradewise Gibraltar AmatWk1"]
[Site "Gibraltar"]
[Date "2016.01.29"]
[Round "5.4"]
[White "Christophe-Hayot, Romain"]
[Black "Iglesias Fernandez, Luis"]
[Result "1-0"]
[WhiteElo "1824"]
[BlackElo "1862"]
[PlyCount "63"]
[EventDate "2016.01.25"]
[EventType "swiss"]
[EventRounds "5"]
[EventCountry "GGB"]
[SourceTitle "BritBase"]
[Source "www.saund.co.uk"]
[SourceDate "2018.02.10"]
[SourceVersion "1"]
[SourceVersionDate "2018.02.10"]
[SourceQuality "1"]

1. e4 g6 2. Nf3 Bg7 3. d4 d6 4. h3 Nf6 5. Bd3 O-O 6. Be3 h6 7. Nc3 Nbd7 8. Qd2
Kh7 9. g4 e5 10. g5 exd4 11. Bxd4 hxg5 12. Nxg5+ Kg8 13. O-O-O Nh7 14. Bxg7
Kxg7 15. Rdg1 Ne5 16. Be2 Qf6 17. f4 Nc6 18. h4 Qd4 19. Nxh7 Kxh7 20. h5 Qxd2+
21. Kxd2 Kg7 22. hxg6 fxg6 23. f5 Ne5 24. Nd5 c6 25. Nf4 Bxf5 26. exf5 Rxf5 27.
Nh5+ Kf7 28. Ng3 Nf3+ 29. Bxf3 Rxf3 30. Rh7+ Ke6 31. Ne4 Rg8 32. Ng5+ 1-0

[Event "Tradewise Gibraltar AmatWk1"]
[Site "Gibraltar"]
[Date "2016.01.29"]
[Round "5.5"]
[White "Hodgson, Jeremy K"]
[Black "Gonzalez Pabollet, Jesus Maria"]
[Result "0-1"]
[WhiteElo "1818"]
[BlackElo "1854"]
[PlyCount "184"]
[EventDate "2016.01.25"]
[EventType "swiss"]
[EventRounds "5"]
[EventCountry "GGB"]
[SourceTitle "BritBase"]
[Source "www.saund.co.uk"]
[SourceDate "2018.02.10"]
[SourceVersion "1"]
[SourceVersionDate "2018.02.10"]
[SourceQuality "1"]

1. c4 e5 2. Nc3 Nf6 3. g3 Nc6 4. Bg2 Bc5 5. a3 O-O 6. b4 Bd4 7. Bb2 d6 8. Nf3
Bf5 9. d3 Re8 10. b5 Bxc3+ 11. Bxc3 Ne7 12. Nh4 Bc8 13. O-O Rb8 14. f4 Ng4 15.
Qd2 exf4 16. Qxf4 f6 17. Qd2 Ng6 18. Nxg6 hxg6 19. e4 Be6 20. Rac1 Qe7 21. Bb4
Qf7 22. Bc3 Qe7 23. Bd4 Rbc8 24. Bb2 Qf7 25. h3 Ne5 26. c5 Qd7 27. c6 bxc6 28.
bxc6 Nxc6 29. d4 Ne7 30. g4 Qb5 31. d5 Bd7 32. Kh1 Rb8 33. Bd4 Rb7 34. Qf2 Reb8
35. Bxa7 Rf8 36. Bd4 g5 37. Rc2 Ng6 38. Be3 Qa4 39. Rfc1 Qxa3 40. Rxc7 Rxc7 41.
Rxc7 Qa1+ 42. Kh2 Qe5+ 43. Qg3 Qxg3+ 44. Kxg3 Ne5 45. Bd4 Rd8 46. Bb2 Kf8 47.
Ba3 Ke7 48. Ra7 Nc4 49. Bb4 Rb8 50. Bc3 Rb3 51. Kf2 Rxc3 52. Bf1 Rc2+ 53. Kf3
Nd2+ 54. Ke2 Nxf1+ 55. Kxf1 Rc4 56. Kf2 Rxe4 57. Kf3 Rd4 58. Ra5 Rf4+ 59. Ke3
Rb4 60. Ra3 Kd8 61. Ra8+ Bc8 62. Kf2 Rb5 63. Ra7 Rb7 64. Ra5 Kc7 65. Ra3 Rb5
66. Rc3+ Rc5 67. Rd3 Bb7 68. Re3 Kd7 69. Rb3 Bxd5 70. Rb8 Rc3 71. Rb5 Bc6 72.
Ra5 Rxh3 73. Ra7+ Ke6 74. Rxg7 d5 75. Rc7 Kd6 76. Rf7 Ke5 77. Re7+ Kd6 78. Rf7
Rh6 79. Ra7 Ke5 80. Ra6 Bd7 81. Kg3 Rh4 82. Ra7 Rxg4+ 83. Kf3 Rf4+ 84. Ke3 d4+
85. Kd2 Bf5 86. Ra5+ Ke4 87. Ra7 Bg4 88. Re7+ Kd5 89. Re8 Rf2+ 90. Kc1 d3 91.
Rd8+ Kc4 92. Rd6 d2+ 0-1

[Event "Tradewise Gibraltar AmatWk1"]
[Site "Gibraltar"]
[Date "2016.01.29"]
[Round "5.6"]
[White "Sevillano Garcia, Joaquin"]
[Black "Kuenitz, Klaus"]
[Result "0-1"]
[WhiteElo "1867"]
[BlackElo "1778"]
[PlyCount "80"]
[EventDate "2016.01.25"]
[EventType "swiss"]
[EventRounds "5"]
[EventCountry "GGB"]
[SourceTitle "BritBase"]
[Source "www.saund.co.uk"]
[SourceDate "2018.02.10"]
[SourceVersion "1"]
[SourceVersionDate "2018.02.10"]
[SourceQuality "1"]

1. c4 f5 2. Nf3 Nf6 3. g3 d6 4. d4 g6 5. Bg2 Bg7 6. O-O O-O 7. Nc3 a5 8. Ne1
Nc6 9. e3 e5 10. d5 Ne7 11. f3 g5 12. e4 f4 13. g4 h5 14. h3 Kf7 15. Nd3 b6 16.
Bd2 Rh8 17. Kf2 hxg4 18. hxg4 Rh2 19. Rh1 Qh8 20. Rxh2 Qxh2 21. Qg1 Qg3+ 22.
Ke2 Nxg4 23. Be1 Qh2 24. fxg4 Bxg4+ 25. Kf1 Qh5 26. Nf2 Bd7 27. Qh1 Qg6 28. Ke2
g4 29. Bd2 Rh8 30. Qg1 g3 31. Nh1 Bg4+ 32. Kd3 Ke8 33. Rf1 Qh5 34. Be1 Ng6 35.
Nxg3 fxg3 36. Bxg3 Bh6 37. Kc2 Be2 38. Nxe2 Qxe2+ 39. Kb1 Qxc4 40. Re1 Bd2 0-1

[Event "Tradewise Gibraltar AmatWk1"]
[Site "Gibraltar"]
[Date "2016.01.29"]
[Round "5.7"]
[White "Schimmer, Michael"]
[Black "Stuhlmann, Alexander"]
[Result "1/2-1/2"]
[WhiteElo "1782"]
[BlackElo "1888"]
[PlyCount "117"]
[EventDate "2016.01.25"]
[EventType "swiss"]
[EventRounds "5"]
[EventCountry "GGB"]
[SourceTitle "BritBase"]
[Source "www.saund.co.uk"]
[SourceDate "2018.02.10"]
[SourceVersion "1"]
[SourceVersionDate "2018.02.10"]
[SourceQuality "1"]

1. e4 c5 2. Nf3 Nc6 3. d4 cxd4 4. Nxd4 Nf6 5. Nc3 e5 6. Ndb5 h6 7. Nd6+ Bxd6 8.
Qxd6 Qe7 9. Nb5 Qxd6 10. Nxd6+ Ke7 11. Nf5+ Kf8 12. b3 d5 13. Ba3+ Kg8 14. Nd6
Nxe4 15. Nxe4 dxe4 16. O-O-O Bg4 17. Rd2 Rd8 18. Rxd8+ Nxd8 19. Bc4 Kh7 20. Re1
Be6 21. Bxe6 Nxe6 22. Rxe4 f6 23. Re1 Rd8 24. Rd1 Rxd1+ 25. Kxd1 Kg6 26. Kd2
Kf5 27. Bd6 h5 28. a4 g5 29. b4 Ke4 30. Bb8 a6 31. Ba7 f5 32. c4 g4 33. b5 f4
34. c5 axb5 35. axb5 Kd5 36. c6 bxc6 37. bxc6 Kxc6 38. h3 Kd5 39. hxg4 hxg4 40.
f3 g3 41. Ke2 Nd4+ 42. Kf1 Kc4 43. Bb8 Nc6 44. Bc7 Kd3 45. Bd6 Kd4 46. Bc7 Ne7
47. Bb6+ Kd3 48. Bc7 Ng6 49. Bb8 e4 50. fxe4 Kxe4 51. Bc7 Nh4 52. Bd8 Nf5 53.
Bc7 Nd4 54. Bb8 Nf5 55. Bc7 Nh4 56. Bd8 Nxg2 57. Kxg2 Ke3 58. Bb6+ Ke2 59. Ba7
1/2-1/2

[Event "Tradewise Gibraltar AmatWk1"]
[Site "Gibraltar"]
[Date "2016.01.29"]
[Round "5.8"]
[White "White, Gary"]
[Black "Lopez Diaz, Rafael"]
[Result "1-0"]
[WhiteElo "1690"]
[BlackElo "1854"]
[PlyCount "71"]
[EventDate "2016.01.25"]
[EventType "swiss"]
[EventRounds "5"]
[EventCountry "GGB"]
[SourceTitle "BritBase"]
[Source "www.saund.co.uk"]
[SourceDate "2018.02.10"]
[SourceVersion "1"]
[SourceVersionDate "2018.02.10"]
[SourceQuality "1"]

1. f4 g6 2. Nf3 Bg7 3. e4 d6 4. Be2 c5 5. O-O Nc6 6. c3 Nf6 7. d3 O-O 8. Qe1 c4
9. e5 cxd3 10. Bxd3 dxe5 11. fxe5 Qxd3 12. exf6 Bxf6 13. Bh6 Be6 14. Bxf8 Rxf8
15. Nbd2 Bf5 16. Rd1 Qa6 17. Ne4 Bxe4 18. Qxe4 Qxa2 19. Rf2 Qa6 20. g4 Bg7 21.
h4 Qb6 22. h5 h6 23. Kg2 gxh5 24. gxh5 Kh8 25. Nh4 Ne5 26. Rdf1 Rg8 27. Rxf7
Qxb2+ 28. Kh1 Qxc3 29. R7f3 Qc6 30. Qf5 Rf8 31. Qb1 Rxf3 32. Rxf3 b6 33. Kg2
Bf6 34. Ng6+ Nxg6 35. Qxg6 Bg7 36. Qxc6 1-0

[Event "Tradewise Gibraltar AmatWk1"]
[Site "Gibraltar"]
[Date "2016.01.29"]
[Round "5.9"]
[White "Boabaid, Jorge Alberto Duard"]
[Black "Longdin, Michael"]
[Result "0-1"]
[WhiteElo "1895"]
[BlackElo "1813"]
[PlyCount "98"]
[EventDate "2016.01.25"]
[EventType "swiss"]
[EventRounds "5"]
[EventCountry "GGB"]
[SourceTitle "BritBase"]
[Source "www.saund.co.uk"]
[SourceDate "2018.02.10"]
[SourceVersion "1"]
[SourceVersionDate "2018.02.10"]
[SourceQuality "1"]

1. e4 c5 2. Nf3 Nc6 3. d4 cxd4 4. Nxd4 e5 5. Nb5 d6 6. N1c3 a6 7. Na3 f5 8. Bd3
f4 9. Nd5 Nf6 10. c3 Be7 11. Nxf6+ Bxf6 12. Bc4 Ne7 13. Qb3 b5 14. Bf7+ Kf8 15.
Bh5 g6 16. Bf3 Kg7 17. Bd2 Bd7 18. h4 h5 19. O-O-O Be8 20. Kb1 Bf7 21. Qc2 Qb6
22. Be1 Rac8 23. Qd2 Rhd8 24. g4 fxg3 25. fxg3 d5 26. Qe2 d4 27. cxd4 b4 28.
Nc2 b3 29. axb3 Bxb3 30. Rc1 Bc4 31. Qd2 Qb3 32. Qa5 Nc6 33. Qa3 Qb5 34. d5 Be7
35. Qa1 Nd4 36. Nxd4 exd4 37. Bd1 Bd3+ 38. Bc2 Bxc2+ 39. Rxc2 Qd3 40. Rhh2 Rxc2
41. Rxc2 Rc8 42. Qa4 Qd1+ 43. Ka2 Qxc2 44. Qxd4+ Kf7 45. Bc3 Rxc3 46. Qxc3 Qxe4
47. Qc6 Qe5 48. Qc4 Kg7 49. Qb3 Bd6 0-1

[Event "Tradewise Gibraltar AmatWk1"]
[Site "Gibraltar"]
[Date "2016.01.29"]
[Round "5.10"]
[White "Cruz Fiallos, Hamilton Tarley"]
[Black "Bajer, Renato"]
[Result "0-1"]
[WhiteElo "1836"]
[BlackElo "1890"]
[PlyCount "48"]
[EventDate "2016.01.25"]
[EventType "swiss"]
[EventRounds "5"]
[EventCountry "GGB"]
[SourceTitle "BritBase"]
[Source "www.saund.co.uk"]
[SourceDate "2018.02.10"]
[SourceVersion "1"]
[SourceVersionDate "2018.02.10"]
[SourceQuality "1"]

1. e4 d5 2. exd5 Qxd5 3. Nc3 Qa5 4. d4 Nf6 5. Bc4 Nc6 6. Nf3 Bg4 7. O-O O-O-O
8. Bxf7 Nxd4 9. Qxd4 Rxd4 10. Nxd4 e5 11. Nb3 Qa6 12. Be3 Be7 13. a4 Rf8 14.
Bd5 Nxd5 15. Nxd5 Bd6 16. Nc3 c6 17. Ne4 Bb8 18. Nbc5 Qc4 19. b3 Qg8 20. b4 b6
21. Na6 Be2 22. Nxb8 Bxf1 23. Nxc6 Kb7 24. b5 Qd5 0-1